MARC

LEADER 00000nam0a2200000 4500
001 365593
005 20231102011811.0
035 |a (RuTPU)RU\TPU\retro\22956 
035 |a RU\TPU\book\71388 
090 |a 365593 
100 |a 20220114d1981 m y0rusy50 ca 
101 1 |a fre  |c rus 
102 |a RU 
105 |a a j 000yy 
200 1 |a Основы квантовой механики  |d Principes de mecanique quantique  |e [учебное пособие]  |f Д. И. Блохинцев 
210 |a Москва  |c Мир  |d 1981 
215 |a 683 с.  |c ил. 
300 |a На французском языке 
454 1 |0 (RuTPU)RU\TPU\book\71388  |t Основы квантовой механики  |o учебное пособие для вузов  |f Д. И. Блохинцев  |c Москва  |n Наука  |d 1976  |p 664 с.  |a Блохинцев, Дмитрий Иванович 
510 1 |a Principes de mecanique quantique  |z fre 
606 1 |a Квантовая механика  |2 stltpush  |3 (RuTPU)RU\TPU\subj\14211  |9 40667 
610 1 |a физика 
610 1 |a механические величины 
610 1 |a классическая механика 
610 1 |a оптика 
610 1 |a теории 
610 1 |a микрочастицы 
610 1 |a движение 
610 1 |a возмущений теория 
610 1 |a столкновения 
610 1 |a квантовые переходы 
610 1 |a излучение 
610 1 |a учебные пособия 
610 1 |a многоэлектронные атомы 
610 1 |a молекулы 
610 1 |a магнитные явления 
610 1 |a атомное ядро 
610 1 |a представления 
675 |a 530.145.6(075.8)  |v 3 
700 1 |a Блохинцев  |b Д. И.  |g Дмитрий Иванович 
801 1 |a RU  |b 63413507  |c 20020521  |g PSBO 
801 2 |a RU  |b 63413507  |c 20220114  |g PSBO 
942 |c BK